000
00309nam a2200133Ia 4500
005
20251222155044.0
008
251222s9999||||xx |||||||||||||| ||spa||
082
_a
REL.170
100
_a
Italia.
245
0
_a
Beato Luigi Tezza Apostolo di due mondi
250
_a
1ra. ed.
264
_b
Velar
942
_c
LIB
999
_c
37012
_d
37012